000 00804nam a2200229Ii 4500
003 JO-AjNU
008 230605s9999||||xx |||||||||||||| ||und||
017 _a2003/13326
020 _a977-01-8675-9
040 _aJO-AjNU
_bara
_erda
_cJO-AjNU
041 _aara
050 1 4 _aPJ7800.A48.A6 2003
100 3 _aإعداد وتقديم عناني،محمد,
_eauthor
_910652
245 0 0 _aالمختار من شعر أحمد رامي
264 3 1 _aالقاهرة:مكتبة الأسرة،2003 ؛ مهرجان القراءة للجميع 2003
300 _a127ص
336 _atext
_btxt
_2rdacontent
337 _aunmediated
_bn
_2rdamedia
338 _avolume
_bnc
_2rdacarrier
490 0 _aسلسلة الروائع
650 4 _a الشعر العربي - مصر - القرن العشرين
_910653
999 _aA1916
_c5484
_d5484